Informe financiero empresas sanitarias primer semestre 2002

Saved in:
Bibliografiske detaljer
Institution som forfatter: Superintendencia de Servicios Sanitarios (Author)
Format: Bog
Sprog:spansk
Udgivet: Santiago SISS 2002
Fag:
Tags: Tilføj Tag
Ingen Tags, Vær først til at tagge denne postø!

MARC

LEADER 00000nam a2200000 a 4500
001 UCM7751
003 CL-VaPUC
008 030110e20020000CL |||||||||||||||||spa|d
082 0 4 |a 333.91  |b SUP  |2 21 
110 2 |a Superintendencia de Servicios Sanitarios  |e author  |9 473379 
245 1 0 |a Informe financiero empresas sanitarias primer semestre 2002 
300 |a 55 p 
942 |c BK 
945 |d 20030110 00:00:00  |a cmena 
260 |a Santiago  |b SISS  |c 2002 
650 0 |a Agua  |9 257149 
650 0 |a Abastecimiento de agua  |9 260374 
650 7 |a SERVICIOS DE SANEAMIENTO  |2 CL-VaPUC  |9 361367 
650 0 |a Administración financiera  |9 261146 
583 |a last modification  |c 20030110 00:00:00  |k Rodrigo Vera 
999 |c 302431  |d 302429 
952 |0 0  |1 0  |4 0  |6 333_910000000000000_SUP_2002  |7 0  |8 A  |9 363012  |a BIBGIM  |b BIBGIM  |d 2019-11-21  |i 3859681  |o 333.91 SUP 2002  |p 3859681  |r 2025-01-15  |w 2019-11-21  |y BK  |k GIM